Religion | 0 | 5 | 0 | 0 | 50 | 27 | 56.00 | 4 | 5 |
History - World History | 0 | 4 | 0 | 0 | 40 | 48 | 74.00 | 0 | 4 |
Other | 0 | 3 | 0 | 0 | 30 | 17 | 58.33 | 2 | 2 |
Literature - European Literature | 0 | 2 | 0 | 1 | 20 | 95 | 116.00 | 0 | 0 |
Fine Arts - Other Fine Arts | 0 | 2 | 1 | 1 | 15 | 65 | 96.00 | 0 | 1 |
Social Science | 0 | 2 | 1 | 0 | 15 | 46 | 66.50 | 1 | 2 |
Science - Biology | 0 | 1 | 0 | 1 | 10 | 116 | 116.00 | 0 | 0 |
History - American History | 0 | 1 | 0 | 1 | 10 | 144 | 144.00 | 0 | 0 |
Literature - British Literature | 0 | 1 | 0 | 0 | 10 | 49 | 49.00 | 0 | 1 |
Science - Physics | 0 | 1 | 0 | 1 | 10 | 110 | 110.00 | 0 | 0 |
Science - Chemistry | 0 | 1 | 0 | 0 | 10 | 120 | 120.00 | 0 | 0 |
Fine Arts - Painting & Sculpture | 0 | 1 | 1 | 0 | 5 | 84 | 84.00 | 0 | 1 |
Philosophy | 0 | 1 | 1 | 0 | 5 | 109 | 109.00 | 0 | 0 |
History - Other History | 0 | 1 | 1 | 0 | 5 | 49 | 49.00 | 1 | 1 |
Science - Other Science | 0 | 1 | 2 | 0 | 0 | 114 | 114.00 | 0 | 0 |
Fine Arts - Classical Music | 0 | 0 | 1 | 0 | -5 | | 0.00 | 0 | 0 |
History - European History | 0 | 0 | 1 | 0 | -5 | | 0.00 | 0 | 0 |
Mythology | 0 | 0 | 2 | 0 | -10 | | 0.00 | 0 | 0 |
Literature - World Literature | 0 | 0 | 2 | 0 | -10 | | 0.00 | 0 | 0 |